Descripción de la Galera Real del Sermo. Sr. Don Juan de Austria. (Record no. 158551)

MARC details
000 -LEADER
campo de control de longitud fija 01455nam a2200301 i 4500
001 - NÚMERO DE CONTROL
campo de control 158551
003 - IDENTIFICADOR DE NÚMERO DE CONTROL
campo de control ES-MaACL
005 - FECHA Y HORA DE LA ÚLTIMA TRANSACCIÓN
campo de control 20250813063333.0
008 - DATOS DE LONGITUD FIJA--INFORMACIÓN GENERAL
campo de control de longitud fija 990917s1876 sp |||| | spa d
040 ## - FUENTE DE CATALOGACIÓN
Centro catalogador/agencia de origen CCPB | B
Lengua de catalogación spa
Centro/agencia transcriptor CCPB | B
100 1# - ENTRADA PRINCIPAL--NOMBRE DE PERSONA
Nombre de persona Mal Lara, Juan de,
Fechas asociadas al nombre 1524-1571
9 (RLIN) 159232
245 10 - MENCIÓN DEL TÍTULO
Título Descripción de la Galera Real del Sermo. Sr. Don Juan de Austria.
Número de parte o sección de la obra 1,
Nombre de parte o sección de la obra Descripción de la Galera Real del Sermo. Sr. D. Juan de Austria /
Mención de responsabilidad, etc. Juan de Malara.
260 ## - PUBLICACIÓN, DISTRIBUCIÓN, ETC.
Lugar de publicación, distribución, etc. Sevilla :
Nombre del editor, distribuidor, etc. Sociedad de bibliófilos andaluces,
Fecha de publicación, distribución, etc. 1876 (
Fabricante Francisco Álvarez y Cª)
300 ## - DESCRIPCIÓN FÍSICA
Extensión 535 p. ;
Dimensiones 22 cm.
490 1# - MENCIÓN DE SERIE
Mención de serie Obras del maestro Juan de Malara ;
Designación de volumen o secuencia 1
490 1# - MENCIÓN DE SERIE
Mención de serie Sociedad de bibliófilos andaluces. Primera serie
530 ## - NOTA DISPONIBLE DE FORMULARIO FÍSICO ADICIONAL
Nota de formato físico adicional disponible Disponible en formato digital.
597 ## - NOTA DE DESCRIPCIÓN FÍSICA
NOTA DE DESCRIPCIÓN FÍSICA Marca tip. en port.
597 ## - NOTA DE DESCRIPCIÓN FÍSICA
NOTA DE DESCRIPCIÓN FÍSICA Antep.
600 14 - PUNTO DE ACCESO ADICIONAL DE MATERIA--NOMBRE DE PERSONA
Nombre de persona Austria, Juan de (
Fechas asociadas al nombre 1545-1578)
9 (RLIN) 151484
650 #4 - PUNTO DE ACCESO ADICIONAL DE MATERIA--TÉRMINO DE MATERIA
Término de materia o nombre geográfico como elemento de entrada Galeras-
Subdivisión geográfica España-
Subdivisión general Historia.
9 (RLIN) 170012
650 #4 - PUNTO DE ACCESO ADICIONAL DE MATERIA--TÉRMINO DE MATERIA
Término de materia o nombre geográfico como elemento de entrada Patrimonio real-
Subdivisión geográfica España-
Subdivisión cronológica S.XVI.
9 (RLIN) 170013
830 0# - PUNTO DE ACCESO ADICIONAL DE SERIE-TÍTULO UNIFORME
Título uniforme Obras del maestro Juan de Malara ;
Designación de volumen o secuencia 1
9 (RLIN) 221867
830 0# - PUNTO DE ACCESO ADICIONAL DE SERIE-TÍTULO UNIFORME
Título uniforme Sociedad de bibliófilos andaluces. Primera serie
9 (RLIN) 182018
852 ## - LOCALIZACIÓN
Ubicación ES-MaACL
Número de control de estantería B-5548
Nota libre -- Enc. hol.
-- -- Ejemp. n. 55 de una tirada de 300, para el socio Juan José Diaz
Encuadernación -- Edic.: precede al tít.: Sociedad de Bibliófilos Andaluces. Primera serie
856 ## - LOCALIZACIÓN Y ACCESO ELECTRÓNICOS
Identificador Uniforme de Recursos <a href="http://bdh-rd.bne.es/viewer.vm?id=0000001511&page=1 ">http://bdh-rd.bne.es/viewer.vm?id=0000001511&page=1 </a>
Nota pública Biblioteca Digital Hispánica
Holdings
Estatus retirado Estado de pérdida Estado de daño No para préstamo Colección Biblioteca de origen Biblioteca actual Ubicación en estantería Fecha de adquisición Fuente de adquisición Total de préstamos Signatura topográfica completa Código de barras Visto por última vez Precio de reemplazo Tipo de ítem Koha
        Colección digital Biblioteca del Ateneo de Madrid Biblioteca del Ateneo de Madrid Sala Pardo Bazán 17/01/2008     B-5548 1165951 23/02/2023 23/02/2023 Libro impreso antiguo